000 00582nam a22001697a 4500
999 _c11369
_d11369
008 160706b xxu||||| |||| 00| 0 eng d
020 _a0072972807
050 _aGV 341 .W85 2006
100 _aDeborah A. Wuest
_d2006
245 _aFoundations of Physical Education,Exercise Science and Sport/
250 _a15th ed.
260 _aBoston:
_bMc Graw Hill,
_c2006.
300 _axv 583p.;
_bill.:
521 _aIncludes bibliographical references and index
650 _aFoundation of Physical Education and Training
700 _aCharles A.Bucher
942 _2lcc
_cBOOKS
_hGV 341 .W85 2006
_01